| 000 | 00675nam a22001577a 4500 | ||
|---|---|---|---|
| 003 | OSt | ||
| 005 | 20150918162210.0 | ||
| 008 | 150918b xxu||||| |||| 00| 0 eng d | ||
| 040 | _cRUA | ||
| 082 | _aAGR VOE 2006 BO33 Or.1 | ||
| 100 |
_9791 _aVOEU, PISIDH |
||
| 245 | _aEffeiciency of srey khmer targte grpup's particip ation in malia distcit, banteay meanchey province,(ប្រសិទ្ធិភាពចូលរួមរបស់អង្គការស្រែខ្មែ ក្នុងស្រុកម៉ាឡៃ ខែត្តមន្ទាយមានជ័យ). | ||
| 260 |
_aphnom phen _bRUA _c2006 |
||
| 300 |
_aXIII.38Pp. _bill. _c29cmm. |
||
| 942 |
_2ddc _cAGR |
||
| 999 |
_c759 _d759 |
||